[Event "Oxford GM-A"]
[Site "Oxford"]
[Date "1998.12.18"]
[Round "5"]
[White "Hector, Jonny"]
[Black "Rowson, Jonathan"]
[Result "1-0"]
[WhiteElo "2510"]
[BlackElo "2495"]
[Annotator "Ribli,Z"]
[PlyCount "93"]
[EventDate "1998.12.14"]
[EventType "tourn"]
[EventRounds "9"]
[EventCountry "ENG"]
[EventCategory "11"]
[SourceTitle "CBM 069"]
[Source "ChessBase"]
[SourceDate "1999.04.01"]
[SourceVersion "1"]
[SourceVersionDate "1999.04.01"]
[SourceQuality "1"]

1. e4 c5 2. Nf3 e6 3. d4 cxd4 4. Nxd4 a6 5. Nc3 b5 {Eine aggressive und sehr
riskante Fortsetzung. Schwarz gewinnt Raum am Damenflügel, gerät aber mit der
Entwicklung etwas in Rückstand. Ribli.} 6. Bd3 Qb6 7. Nf3 {Ein relativ selten
gespielter Zug. Die Alternative 7.Nb3 ist populärer. Nach der
Partiefortsetzung kommt Weiß nicht so leicht zu f2-f4.} Nc6 $6 {Ein
natürlicher Entwicklungszug, aber in Wirklichkeit steht der Springer auf c6
nicht gut und Weiß kann sich dauerhaften Raumvorteil verschaffen.} (7... Qc7 8.
O-O Bb7 9. Re1 d6 10. Bf4 Nd7 11. a4 e5 12. Bd2 bxa4 13. Rxa4 Ngf6 14. Nd5 Nxd5
15. exd5 Bxd5 16. Nd4 Nc5 17. Ra3 g6 18. Bf1 Bg7 19. Bb4 Bb7 20. Nb3 e4 21.
Nxc5 dxc5 22. Bc3 O-O 23. Bxg7 Kxg7 24. Qa1 Qb6 25. Rb3 Qc7 26. Rc3 $44 {
1/2-1/2 Najer,E-Movsesian,S/Open, Groningen NED 1998 (29)}) (7... d6 $5 8. a4
b4 9. a5 Qc7 (9... Qb7 10. Na4 Nd7 11. O-O Ngf6 12. Re1 Be7 13. Nd2 Qc6 14. Nc4
Bb7 15. Nab6 Rd8 16. Qe2 O-O 17. Bg5 h6 18. Bh4 {1/2-1/2 Nisipeanu,L-Horvath,C/
Sovata 1998/EXT 99 (31)}) 10. Na4 Nd7 11. Be3 Bb7 12. Nb6 Rb8 13. Qe2 Ngf6 14.
Bxa6 Bxa6 15. Qxa6 Nxe4 16. O-O d5 17. Nxd7 Qxd7 18. Ne5 Qc8 {0-1 Fishbein,
A-Hracek,Z/New York 1998/CBM 64 (58)}) 8. e5 {[%csl Yd6][%cal Gc3e4,Ge4d6]} (8.
O-O d6 9. Qe2 Nf6 10. a4 b4 11. Nb1 Be7 12. Nbd2 O-O 13. Nc4 Qc7 14. a5 Nd7 15.
Bf4 Bb7 16. Rfd1 {1-0 Spraggett,K-Boudy,J/Montreal 1996/EXT 99 (43)}) 8... f5 {
Dieser Zug ist etwas unnatürlich, aber Schwarz hat Angst vor 9.Ne4.} (8... d6
9. exd6 Bxd6 10. Bxb5 $16 {[%csl Rd6][%cal Rd1d6]}) 9. O-O (9. exf6 Nxf6 10.
O-O $14) 9... Bc5 (9... d5 $2 10. exd6 Bxd6 11. Bxf5 $5 (11. Qe2 $36) (11. Bxb5
Bxh2+ 12. Nxh2 axb5 $13) 11... Bxh2+ 12. Nxh2 exf5 13. Nd5 $16) 10. a3 $14 {
Weiß beginnt Aktionen am Damenflügel und bereitet den Zug 11.b4 vor. Er hat
dann später immer die Möglichkeit, mit a3-a4 den schwarze Damenflügel zu
sprengen.} Nge7 11. b4 Bd4 12. Nxd4 Qxd4 (12... Nxd4 $2 13. Be3 $16 {[%csl Rd4]
[%cal Re3b6]}) 13. Bb2 {[%cal Gb2d4]} Qh4 {Schwarz kann nicht auf e5 nehmen.
Ansonsten steht die Dame aber schlecht auf d4.} (13... Nxe5 14. Nxb5 Qxb2 15.
Nc7+ $16 {[%cal Rc7a8,Rc7e8]}) (13... Qxe5 14. Nxb5 $40 Qxb2 15. Nc7+ {[%cal
Rc7e8,Rc7a8]}) 14. Re1 O-O 15. g3 Qh6 {[%csl Rh6] Die Dame steht schlecht auf
h6, aber Schwarz hat nichts besseres.} 16. f4 Bb7 {[%cal Gb7h1] Der Läufer b7
ist stets eine Schlüsselfigur für Schwarz in der Paulsen Variante, aber der
Läufer allein kann nicht viel gegen die weißfeldrigen Weißen Schwächen am
Königsflügel erreichen.} 17. Bf1 {[%csl Rd7][%cal Gf1g2,Gg2b7] Es droht 18.
Qxd7 und Weiß kann im folgenden seine Läuferstellung mit Bg2 verbessern.} Rad8
18. Qd6 {[%csl Gd6] Schwarz hat Probleme mit der Figurenkoordination und
seiner Bauernstruktur. Der rückständige d-Bauer und das Feld d6 sind die
potentiellen Schwächen im schwarzen Lager.} g5 $132 {Das ist die einzige
Gegenchance für Schwarz. Er möchte die g-Linie öffnen und mit der
Unterstützung des b7-Läufers einen Angriff am Königsflügel führen.} 19. Bc1 (
19. fxg5 Qxg5 20. Bg2 $14 (20. Bc1 f4 $13 {[%cal Ge7f5]})) 19... Ng6 (19...
gxf4 20. Bxf4 {[%csl Gf4]} Qg6 21. a4 $16) 20. Bg2 {Weiß beschäftigt sich
nicht mit der Annahme des g5-Bauers, sondern verstärkt seine Stellung.} (20.
fxg5 $5 Qg7 21. Bg2 $16) 20... Qg7 (20... gxf4 21. Ne2 {[%cal Re2f4,Rc1f4]})
21. Kh1 $6 {[%cal Ge1g1,Gg1g8] Ein prophylaktischer Zug. Im Falle von 21...
gxf4 22.gxf4 ist es Weiß, der Angriffschancen in der g-Linie hat.} (21. fxg5 $5
$16) 21... Ba8 22. a4 {Es scheint, daß Schwarz viele Schwächen am Damenflügel
hat und dieser Zug ist prinzipiell logisch, aber Schwarz bekommt taktische
Gegenchancen am Königsflügel.} bxa4 (22... gxf4 $5 23. gxf4 (23. Bxf4 Nxf4 24.
gxf4 Nxe5 {[%csl Rg2,Rh1]} 25. Bxa8 Ng4 {[%cal Rg4f2,Rf2h1]} 26. Qd2 Rxa8 $13)
23... Nh4 $40 {[%csl Rg2,Rh1]}) 23. Nxa4 {[%cal Ga4c5,Ga4b6]} (23. Rxa4 $6 {
[%csl Rc3][%cal Gg7c3]} gxf4 $5 24. gxf4 Ncxe5 25. Bxa8 Nc4 26. Qd3 Rxa8 27.
Qxc4 Rac8 $17 {[%csl Rc3,Gc4]}) 23... Rb8 (23... gxf4 24. Bxf4 Nxf4 25. gxf4
Nxe5 26. Bxa8 Ng4 {[%cal Rg4f2,Rf2h1]} 27. Bg2 $18) 24. Nc5 $16 {[%csl Rd7]
[%cal Rc5d7] Dieser Zug führt zu Komplikationen, aber Weiß hat freie Hand am
Damenflügel. Der Springer c5 steht ausgezeichnet.} Nxb4 25. Bxa8 Nxc2 (25...
Rxa8 26. Nxd7 {[%cal Rd7f8,Rd6b4,Rd6e6,Re6g8]}) 26. Nxd7 {[%cal Rd7b8,Rd7f8]}
Rxa8 (26... Nxe1 27. Nxb8 Qa7 {[%cal Ra7b8,Ra7a8]} 28. Rxa6 Qf2 29. Qxe6+ Kh8
30. Qb6 Qf1+ 31. Qg1 $18) 27. Qxe6+ Kh8 (27... Rf7 28. Nf6+ Kh8 29. Qc6 $18 {
[%cal Rc6c2,Rc6a8]}) (27... Qf7 28. Nxf8 $18) 28. Bb2 $1 {Weiß opfert eine
Qualität, aber bekommt sehr gefährlichen Angriff auf den schwarzen Feldern.} (
28. Nxf8 Qb7+ 29. Kg1 Nxe1 $132) 28... Nxe1 29. Qb3 {[%cal Re5e6,Rb2h8] Weiß
verteidigt den b2-Läufer und droht jetzt 30.e6, was für Schwarz tödlich wäre.
Schwarz hat zur Zeit einen Turm mehr, kann sich aber der vielfältigen
taktischen Drohungen nicht erwehren.} (29. Rxe1 Rfc8) 29... Nd3 30. Qxd3 Rfd8
31. Rd1 {[%csl Gb2,Gd7,Rg7,Rh8]} Ra7 (31... Nf8 $5) 32. Qc2 {[%csl Rg7,Rh8]
[%cal Re5e6,Rb2h8]} Rb7 {[%cal Rb7b2]} (32... Raxd7 33. Rxd7 Rxd7 34. e6 $18 {
[%cal Rb2h8,Re6d7]}) 33. Bc3 Rc7 {[%cal Rc7c3]} (33... Rbxd7 34. Rxd7 Rxd7 35.
e6 $18 {[%cal Rc3h8,Re6d7]}) 34. Rd3 Rdxd7 $8 35. Rxd7 Qxd7 (35... Rxd7 36. e6
$18 {[%cal Re6d7,Rc3h8]}) 36. e6+ {[%csl Rh8][%cal Rc3h8,Re6d7]} Rxc3 37. exd7
{[%csl Gd7][%cal Rd7d8]} (37. Qxc3+ $4 Qg7 $19) 37... Rxc2 38. d8=Q+ Kg7 39.
Qxg5 Rc1+ (39... Rc5) 40. Kg2 Rc5 41. Qd8 {[%csl Gd8]} Rb5 (41... a5 $2 42.
Qd4+ {[%cal Rd4c5,Rd4g7]}) 42. Qc8 Kh6 (42... a5 43. Qd7+ {[%cal Rd7g7,Rd7b5]})
43. Qxa6 $18 {Die Partie ist entschieden.} Rb2+ 44. Kh3 Rb8 (44... Kg7 45. Qa1
$18) 45. Qa7 Rf8 46. Kg2 Rf6 47. h4 {[%csl Rg6,Rh6] Und Schwarz gab in völlig
hoffnungsloser Stellung auf.} (47. h4 Rf8 48. h5 Nh8 49. Qe7 $18 {[%mdl 576]})
1-0

[Event "Goodricke op 13th"]
[Site "Kolkata"]
[Date "2002.03.25"]
[Round "9"]
[White "Barua, Dibyendu"]
[Black "Goloshchapov, Alexander"]
[Result "1/2-1/2"]
[WhiteElo "2515"]
[BlackElo "2545"]
[Annotator "Ribli,Z"]
[PlyCount "84"]
[EventDate "2002.03.17"]
[EventType "swiss"]
[EventRounds "11"]
[EventCountry "IND"]
[SourceTitle "CBM 088"]
[Source "ChessBase"]
[SourceDate "2002.03.21"]
[SourceVersion "1"]
[SourceVersionDate "2002.03.21"]
[SourceQuality "1"]

1. e4 c5 2. Nf3 e6 3. d4 cxd4 4. Nxd4 a6 5. Bd3 Bc5 6. Nb3 Be7 {Früher
bevorzugte man den anderen Läuferzug 6...Ba7. Was ist eigentlich die Idee des
Systems mit 5...Bc5 und 6...Be7? Hat Schwarz einfach ein Tempo verschenkt?
Nein, der Sinn ist, dass der weiße Springer auf b3 nicht so aktiv steht wie
auf d4.} 7. Nc3 {Ein natürlicher Entwicklungszug, aber 7.Qg4 oder 7.c4 kommen
auch in Betracht.} d6 8. O-O (8. f4 Nf6 9. Qf3 e5 10. fxe5 (10. a4 Nc6 11. f5
Nb4 12. a5 Bd7 13. Nd2 Rc8 14. Qe2 O-O 15. Nc4 d5 {0-1 Hristodorescu,D-Epishin,
V/Apeldoorn 2001/CBM 85 ext (29)}) 10... dxe5 11. Bg5 Nc6 12. Bxf6 Bxf6 13.
O-O-O Nd4 14. Nxd4 exd4 15. Nd5 Be5 16. Kb1 Be6 17. Bc4 O-O 18. Bb3 a5 {
1/2-1/2 Korneev,O-Epishin,V/Nova Gorica SLO 2002/(43)}) (8. Qg4 g6 9. Qe2 Nd7
10. O-O Qc7 11. Bd2 b6 12. Rae1 Bb7 13. a4 {Weiß verfolgt eine
Abwartestrategie - er wartet auf dem Zug Ngf6, um daraufhin Bh6 zu spielen.} (
13. Kh1) 13... Ngf6 14. Bh6 Bf8 15. Qd2 Bxh6 16. Qxh6 Nc5 17. Nd4 {1-0
Gallagher,J-Horvath,J/Drancy 2002/CBM 86 ext (46)}) 8... Nf6 9. f4 Qc7 10. Bd2
{Der Läufer steht gewöhnlich besser auf d2 als auf e3, denn in diesem Fall
kann Weiß besser e4-e5 spielen.} (10. Qe2 Nbd7) 10... Nbd7 11. Qe2 b6 (11... b5
$6 12. a4 b4 (12... bxa4 $2 13. Rxa4 $16) 13. Nd1 a5 14. c3 $14 {Schwarz hat
Schwächen am Damenflügel, besonders das Feld b5 ist schwach.}) 12. Rae1 {
Weiß bereitet den Durchbruch e4-e5 vor.} Bb7 13. a4 $6 {Dieser Zug erscheint
mir überflüssig - der sofortige Zentrumsdurchbruch gibt Weiß bessere
Angriffschancen.} (13. e5 $5 {Dieser Zug scheint mir logischer als die
Partiefortsetzung - der gegnerische König steht noch in der Mitte.} Nd5 (13...
dxe5 14. fxe5 Nd5 15. Nxd5 Bxd5 16. Qh5 $36 (16. Bxa6 Qxc2 17. Bb5 Rxa2) (16.
c4 Bb7 17. Qh5 $36)) 14. exd6 Bxd6 (14... Qxd6 $6 15. f5 $16) 15. f5 Bxh2+ (
15... Nxc3 16. Bxc3 e5) 16. Kh1 Be5 (16... Nf4 17. Bxf4 Bxf4 18. fxe6 $18) 17.
fxe6 fxe6 18. Nd4 $36) 13... O-O $11 14. Kh1 (14. e5 Nd5 $11) 14... Rfe8 {
Die schwarze Stellung ist etwas passiv aber elastisch.} 15. e5 Nd5 {Weiß hat
eine nur scheinbar aktive Stellung, in Wirklichkeit aber nichts Konkretes.} (
15... dxe5 $2 {Dieser Zug würde Weiß nur die f-Linie öffnen.} 16. fxe5 Nd5 17.
Bxh7+ (17. Nxd5 Bxd5 18. Bxh7+ Kxh7 19. Qh5+ Kg8 20. Qxf7+ Kh7 21. Re3 {
[%csl Rh7][%cal Re3h3,Rh3h7]} Qc4 22. Rh3+ Bh4 23. Qf2 $18 (23. Bg5 $2 Bxg2+
24. Kxg2 Qg4+ 25. Kh1 Qxh3 26. Qh5+ Kg8 27. Qf7+ $11)) 17... Kxh7 18. Qh5+ Kg8
19. Qxf7+ Kh7 20. Rf3 $18 {[%cal Rf3h3,Rh3h7]}) 16. Nxd5 Bxd5 17. c4 (17. Bxa6
$2 Qxc2 $17) 17... Bb7 18. Nd4 {Endlich verbessert Weiß die Stellung seines
Springers. Hier wird die Idee des Plans 5...Bc5, 6...Be7 deutlich, denn Weiß
muss jetzt ein wichtiges Tempo in die Aktivierung des Springers investieren.} (
18. exd6 Bxd6 19. Bc3 g6 $11) 18... g6 {[%mdl 256] Schwarz hat eine starke
Bauernmasse am Königsflügel - es ist daher nicht leicht für Weiß, seinen
Angriff fortzusetzen. Mit dem Textzug bereitet Schwarz das bekannte
Läufermanöver Bf8-Bg7 vor.} 19. Nf3 (19. Bc3 Bf8 $11) 19... Bf8 20. Bc3 Bg7 {
[%csl Gg7]} 21. Ng5 {Die weißen Figuren stehen zwar aktiv, dennoch gelingt es
Weiß nicht, konkrete Drohungen aufzubauen.} (21. exd6 Qxd6 22. Bxg7 Kxg7 23.
Rd1 Qc7 $11) 21... Nc5 (21... Rad8 $5 {Mit diesem Zug konnte Schwarz die
Spannung aufrecht erhalten.}) 22. Bc2 a5 {[%csl Gc5][%mdl 32] Schwarz
verteidigt sich gegen 23.b4. Der Textzug schwächt zwar das Feld b5, aber das
ist hier nicht von Bedeutung.} 23. exd6 {Jetzt ist dieser Zug logisch. Wenn
Weiß diesen Zug nicht ausführt, muss er mit 23...d6-d5 rechnen.} Qxd6 24. f5 {
Weiß forciert den Angriff und opfert einen Bauern. Ich bin mir gar nicht
sicher, ob er im Falle der Annahme dieses Opfers ausreichend Kompensation
bekommen hätte.} (24. Bxg7 Kxg7 25. Qe3 $11 (25. Qe5+ $6 Qxe5 26. fxe5 Rf8 $15
{Alles ist verteidigt fuer Schwarz und im Endspiel der e5P kann schwach sein.
Die schwarze Leichtfiguren sind aktiv.})) 24... Bxc3 (24... gxf5 $4 25. Qh5 $18
) (24... exf5 $5 25. Qxe8+ Rxe8 26. Rxe8+ Bf8 $15 {Weiß hat zwar eine
Angriffsstellung, aber nichts Konkretes.}) 25. fxg6 fxg6 (25... hxg6 26. Nxf7 (
26. bxc3 f5 $17) 26... Qd2 27. bxc3 Qxe2 28. Rxe2 $14) 26. bxc3 {[%csl Gb7,Gc5,
Rg8] Beide Seiten haben Schwächen in ihrer Bauernstruktur, Weiß hat einen
Doppelbauern auf der c-Linie und einen schwachen Pa4 zu beklagen, dafür ist
der schwarze Pe6 isoliert. - Die schwarzen Leichtfiguren kontrollieren die
wichtigsten Felder, doch seine Königsstellung ist geschwächt.} Qe7 (26... Rf8
$2 27. Nxh7 Kxh7 28. Qh5+ $18) (26... Qc6 27. Qg4 e5 $11) 27. Qe5 {[%csl Ge5]}
(27. Qg4 Rf8 $11) 27... Rf8 28. h3 Rxf1+ 29. Rxf1 Rf8 30. Rxf8+ (30. Re1 $6 Rf2
31. Be4 h6 32. Bxb7 Qxg5 33. Qxg5 hxg5 $15) 30... Qxf8 {Jetzt droht 31...Qg1+
und 32...Qg2#.} 31. Be4 (31. Kg1 $11) 31... Bc8 {Schwarz verteidigt seine
einzige Schwäche.} (31... Nxe4 32. Nxe4 (32. Qxe6+ Kg7 33. Nxe4 Qf1+ 34. Kh2
Qf4+ 35. Ng3 Qc7 $11) 32... Qf1+ (32... Bxe4 33. Qxe6+ Kg7 34. Qxe4 Qa3 35.
Qe5+ Kh6 36. Qe3+ $14) 33. Kh2 Qxc4 34. Nf6+ Kf7 35. Nxh7 $36) 32. Qc7 {
[%cal Rc7h7,Rc7b6] Die weiße Dame steht scheinbar aktiv auf c7, und in der Tat
droht jetzt 33.Qxh7# und 33.Qxb6. Dennoch befindet sich die Dame weit ab vom
eigentlichen Ort des Geschehens.} (32. Bc6 $11) 32... Bd7 33. Bf3 (33. Qxb6 $2
Qf1+ 34. Kh2 Qf4+ $19) 33... Qf6 $15 {[%csl Gf6][%cal Rf6c3,Rf6g5] Jetzt
hängen der Ng5 und der Pc3 .} 34. Ne4 Nxe4 35. Qxd7 (35. Bxe4 Bxa4 $17) 35...
Nc5 36. Qd6 Qxc3 $6 $138 {Durch diese Vereinfachung gewinnt Schwarz am Ende
zwar einen Bauern, aber das Dauerschach kann er nun nicht mehr abwenden.} (
36... Nxa4 $142 $17) 37. Qxb6 Qxc4 38. Qxa5 Nxa4 39. Qd8+ $11 Kg7 40. Qe7+ Kg8
41. Qd8+ Kg7 42. Qe7+ Kg8 1/2-1/2

[Event "Moscow Aeroflot op"]
[Site "Moscow"]
[Date "2002.02.05"]
[Round "1"]
[White "Smirin, Ilia"]
[Black "Markowski, Tomasz"]
[Result "0-1"]
[WhiteElo "2702"]
[BlackElo "2524"]
[Annotator "Ribli,Z"]
[PlyCount "96"]
[EventDate "2002.02.04"]
[EventType "swiss"]
[EventRounds "9"]
[EventCountry "RUS"]
[SourceTitle "CBM 088"]
[Source "ChessBase"]
[SourceDate "2002.03.21"]
[SourceVersion "1"]
[SourceVersionDate "2002.03.21"]
[SourceQuality "1"]

1. e4 c5 2. Nc3 e6 3. Nf3 a6 4. d4 cxd4 5. Nxd4 {Durch Zugumstellung haben wir
die Paulsen- Variante der Sizilianischen Verteidigung erreicht. Ich möchte
darauf hinweisen, dass GM Smirin dieselbe Variante auch gerne mit den
schwarzen Steinen spielt.} b5 6. g3 {Dieser Zug wird relativ selten gespielt -
die Hauptfortsetzung lautet hier 6.Bd3. Meiner Meinung nach sollte Weiß, wenn
der Gegner schon so aggressiv wie hier mit b7-b5 zu Werke geht, etwas
Schnelles demonstrieren - zumindest sollte er seine Figuren schnell entwickeln
(z.B. mit 6.Bd3). Der Textzug hingegen scheint mir zu langsam.} Bb7 7. Bg2 Nf6
8. Qe2 (8. O-O b4 9. Na4 Bxe4 10. Bxe4 Nxe4 11. Re1 $44) (8. Bg5) 8... Qb6 {
Ein für die Variante 5...b5 typischer Damezug - Schwarz provoziert entweder
den Zug 9.Be3 (wie in unserer Partie), wonach er einige Leichtfiguren im
Zentrum abtauschen kann, oder er zwingt den Springer nach b3 zurück, wo er
weniger aktiv steht als auf d4.} 9. Be3 (9. Nb3 d6 10. O-O Nbd7 11. a4 (11. a3
Rc8 (11... Be7 12. Rd1 O-O 13. Bf4 Rac8 14. Rac1 Ne5 15. a4 Nc4 {0-1 Hagara,
E-Kozlov,O/Presov 2000/EXT 2001 (30)}) 12. Be3 Qc7 13. Rad1 Ne5 14. Nd4 Be7 15.
Bc1 O-O 16. f4 Nc6 17. Be3 Nxd4 18. Rxd4 Rfe8 19. Rfd1 Bf8 {0-1 Rytshagov,
M-Hillarp Persson,T/Gothenborg 1997/EXT 2002 (35)}) (11. Be3) 11... b4 12. a5
Qc7 13. Na2 d5 14. Bf4 Qc4 15. Qxc4 dxc4 16. Nd2 Rc8 17. c3 bxc3 18. Nxc3 Ng4
19. Bf3 Nge5 {1/2-1/2 Kraut,R-Kveinys,A/Marbach 1994/EXT 97 (24)}) 9... Bc5 {
Schwarz spielt ähnlich wie in der Variante 5.Bd3 Qb6 6.Be3 Bc5.} 10. O-O-O Nc6
11. Nxc6 Bxc6 {[%mdl 4] Die Alternative 11...Bxe3+ kommt auch in Betracht,
wonach Weiß sich mit einem Doppelbauern abmühen müsste. Der Textzug ist aber
viel sicherer.} (11... Bxe3+ 12. fxe3 dxc6 13. e5 Nd5 14. Ne4 O-O 15. Rhe1 Rad8
16. Nd6 Ba8 17. Rd4 Ne7 18. Rdd1 Ng6 19. Qh5 Qc5 {0-1 Mirumian,V-Kozlov,O/
Decin 1998/EXT 2000 (43)}) 12. Bxc5 Qxc5 $11 13. f4 {Jetzt, da der Bg2
verteidigt ist, droht 14.e5.} Rc8 $1 {[%cal Gc8c1] Das ist typisch für die
Paulsen-Variante! Schwarz entwickelt zuerst den Damenflügel. Die kurze Rochade
kann in der Tat noch warten. Weiß muss nun ständig mit b5-b4 rechnen. Eine
weitere Idee des Textzuges ist, dass im Falle von 14.e5 Bxg2 15.Qxg2 der Turm
nicht auf a8 steht.} 14. Kb1 (14. e5 Bxg2 15. Qxg2 b4 {Auch das ist eine für
die Paulsen-Variante typisches Motiv: der Nf6 zieht nicht weg, statt dessen
kommt der Gegenangriff mit b5-b4.} 16. Ne4 (16. Na4 Qe3+ 17. Kb1 (17. Qd2 Qxd2+
18. Rxd2 Nd5 $11) 17... Nd5 $15) (16. Rd3 $5 Qc6 17. Qxc6 Rxc6 18. exf6 bxc3
$11) 16... Nxe4 (16... Qe3+ 17. Qd2 Qxd2+ (17... Qxe4 $6 18. exf6 d5 19. fxg7
Rg8 20. Rhe1 Qg6 21. Re5 $40) 18. Nxd2 Nd5 19. Ne4 Ke7 20. Nd6 Rc6 21. Rhe1 $14
) 17. Qxe4 Rc7 $11) (14. a3 $6 a5 $36 (14... b4 15. axb4 Qxb4 16. e5 Bxg2 17.
Qxg2 Ng4 18. Qe2 $14)) 14... b4 15. Nd5 {Dieser Springerzug ist schön, aber
das ist acuh schon alles - in der Folge entsteht nach Vereinfachungen eine
Stellung, in der Schwarz Initiative am Damenflügel besitzt.} Bxd5 (15... Nxd5
16. exd5 Bb5 17. Qd2 O-O $11) 16. exd5 O-O 17. dxe6 (17. d6 a5 $15) 17... dxe6
18. Rd2 a5 $15 {Schwarz macht spürbar Druck am Damenflügel und kann sich mit
a5-a4 Angriffschancen verschaffen. Weiß hat einen nur scheinbar starken Bg2
und kein Spiel am Königsflügel.} 19. Rhd1 (19. Qe5 Qa7 $15 (19... Qxe5 20. fxe5
Ng4 $15 {[%csl Re5,Gg4]})) 19... a4 20. Qe5 Qa7 $1 {Die Anwesenheit der Damen
ist von Vorteil für den schwarzen Angreifer.} (20... Qxe5 21. fxe5 Ng4 22. Rd4
Ne3 23. R1d2 Nc4 24. Re2 Rfd8 25. Rxd8+ Rxd8 26. Kc1 $11) 21. h3 h6 {Dieser
prophylaktische Zug provoziert 22.g4 (die logische Fortsetzung von 21.h3).} 22.
g4 Rc5 $1 {Nun kann Schwarz die Türme auf der c-Linie verdoppeln, und g4-g5
ist keine Drohung mehr} 23. Qd4 Qa5 24. Re2 {[#]} b3 $1 $40 {[%csl Rb1] Ein
schönes Bauernopfer - Schwarz öffnet die Linien am Damenflügel.} 25. cxb3 axb3
26. axb3 (26. a3 Qc7 $40 {[%cal Rc5c4,Rc4f4] Droht 27...Rfc8, und Weiß muss
auch mit 27...Rc4 rechnen, da der Pf4 schwach ist.}) 26... Nd5 $1 {[%cal Rf8a8,
Ra8a1,Rd5b4] Es drohen 26...Nb4 und 26...Ra8 mit sofortigem Gewinn.} 27. Qa4 $8
(27. Bxd5 Rxd5 28. Qg1 Ra8 $19 {[%cal Ra8a1,Ra1b1]}) 27... Qxa4 (27... Qc7 $5
$40) 28. bxa4 Nxf4 {[%csl Gf4]} 29. Rf2 Nxg2 30. Rxg2 {[%mdl 4096] Die
Stellung ist materiell ausgeglichen - aber Schwarz hat die besseren Chancen,
da seine Bauern am Königsflügel leicht zu mobilisieren sind.} f5 $1 31. gxf5
exf5 32. Rd7 g5 $15 33. b4 (33. h4 $2 g4 $17) 33... Rc4 {[%csl Gc4]} 34. Rb7 $6
{Meines Erachtens wäre es höchste Zeit, den anderen Turm zu mobilisieren.} (34.
Rb2 $5 Rb8 (34... Rf7 $2 35. Rxf7 Kxf7 36. a5 $18) 35. b5 Rxa4 36. b6 $132)
34... Rf7 $1 {Da Weiß die Türme nicht tauschen darf, kann Schwarz seine
Königsstellung mit Tempo verbessern.} 35. Rb8+ (35. Rxf7 Rxb4+ $19) 35... Kg7
36. a5 f4 $17 {[%csl Gf4,Rg2] Der Rg2 steht passiv, zudem kann Schwarz den Zug
f4-f3 mit Tempo ausführen.} 37. Kb2 (37. a6 f3 38. Rf2 h5 $17) 37... f3 38. Rf2
h5 39. Kb3 (39. b5 g4 40. hxg4 hxg4 $17) 39... Re4 40. a6 g4 41. hxg4 hxg4 {
Schwarz ist schneller - es droht 42...g3 - mit Tempo.} 42. Rb7 Re3+ $1 (42...
Rxb7 $2 43. axb7 Re8 44. Rc2 Rb8 45. Rc4 $11) 43. Kc2 g3 44. Rf1 (44. a7 gxf2
45. a8=Q f1=Q $19) 44... g2 $19 {[%csl Gf3,Gg2]} 45. Rg1 Ree7 (45... Kf6 46. a7
(46. Rxf7+ Kxf7 47. a7 Ra3 $19) 46... Ra3 $19) 46. a7 Re8 (46... Rxb7 $2 47.
a8=Q Rxb4 $11) 47. Rb8 Re2+ 48. Kd3 Rxa7 0-1